[Event "AUTO-INT-3820"]
[Site "http://www.queenalice.com/game.php?id=1821238"]
[Date "2023.9.20"]
[Round "2"]
[White "marreta7"]
[Black "tche_elvio"]
[Result "0-1"]
[WhiteElo "1663"]
[BlackElo "1472"]

1. e4 e5 2. Bc4 c6 3. a3 Qf6 4. d3 h6 5. Nf3 d6 6. h3 Be6 7. Bxe6 Qxe6 8. Nc3
Ne7 9. O-O Ng6 10. b4 Be7 11. b5 O-O 12. bxc6 Nxc6 13. Ne2 a6 14. Bb2 Nf4 15.
Nxf4 exf4 16. Qd2 b5 17. Qxf4 Bf6 18. Bxf6 Qxf6 19. Qxf6 gxf6 20. c4 Kg7 21.
cxb5 axb5 22. Nh4 Nd4 23. f4 Ne2+ 24. Kh2 Nd4 25. Nf5+ Nxf5 26. exf5 h5 27. Kg3
Rg8 28. Rfc1 Kh6+ 29. Kf3 h4 30. Rc6 Rg3+ 31. Ke2 Rxg2+ 32. Ke3 Rg3+ 33. Ke4
Ra4+ 34. Kd5 Rxd3# 0-1

[Event "AUTO-INT-3820"]
[Site "http://www.queenalice.com/game.php?id=1821241"]
[Date "2023.9.20"]
[Round "2"]
[White "marreta7"]
[Black "Castling"]
[Result "1-0"]
[WhiteElo "1632"]
[BlackElo "1694"]

1. e4 e5 2. Bc4 Nf6 3. d3 h6 4. a3 d5 5. exd5 Nxd5 6. h3 Be6 7. Nf3 Nc6 8. Bb5
Bd7 9. O-O a6 10. Ba4 Nce7 11. Bxd7+ Qxd7 12. Nxe5 Qf5 13. d4 O-O-O 14. Re1 g5
15. Nd2 Nf4 16. Kh2 Rxd4 17. c3 Rd5 18. c4 Rxe5 19. Rxe5 Qxe5 20. g3 Nd3 21. Qa4
Nxf2 22. Qe8# 1-0

[Event "AUTO-INT-3820"]
[Site "http://www.queenalice.com/game.php?id=1821242"]
[Date "2023.9.20"]
[Round "2"]
[White "Castling"]
[Black "marreta7"]
[Result "0-1"]
[WhiteElo "1616"]
[BlackElo "1738"]

1. e4 e5 2. Bc4 Bc5 3. Nf3 d6 4. h3 a6 5. d3 h6 6. Nc3 Qe7 7. Qe2 Nf6 8. Be3
Bxe3 9. Qxe3 O-O 10. O-O-O Be6 11. Bxe6 Qxe6 12. Nd5 Nxd5 13. exd5 Qxd5 14. b3
Nc6 15. Qe4 Qa5 16. Kb2 Rab8 17. g4 Nb4 18. a3 Nc6 19. Nd2 Nd4 20. Nc4 Qb5 21.
f4 Ne6 22. f5 Nd8 23. Nd2 a5 24. Nc4 Nc6 25. Rb1 a4 26. Ka2 axb3+ 27. Rxb3 Qc5
28. Rhb1 Qa7 29. h4 Rfd8 30. g5 hxg5 31. hxg5 d5 32. Rxb7 dxe4 33. Rxa7 Nxa7 34.
Rxb8 Rxb8 35. dxe4 Nc6 0-1

[Event "Challenge"]
[Site "http://www.queenalice.com/game.php?id=1822754"]
[Date "2023.10.10"]
[Round "-"]
[White "jogo"]
[Black "marreta7"]
[Result "1/2-1/2"]
[WhiteElo "1865"]
[BlackElo "1685"]

1. e4 e5 2. Nc3 a6 3. Nf3 Nc6 4. Bb5 axb5 5. Nxb5 Bc5 6. O-O d6 7. Nc3 h6 8. h3
g5 9. Na4 Rxa4 10. d3 f5 11. c3 fxe4 12. dxe4 Rxe4 13. b4 Ba7 14. Qc2 Nf6 15. b5
Ne7 16. Nd2 Nh5 17. Qxe4 Ng3 18. Qa4 Nxf1 19. Kxf1 Bc5 20. Ne4 Kf7 21. Nxc5 dxc5
22. Ke2 Qd5 23. f3 Rd8 24. Be3 Qd3+ 25. Kf2 Qxc3 26. Rc1 Qb2+ 27. Rc2 Qa1 28.
Rc1 Qb2+ 29. Rc2 Qb1 30. Rc1 Qb2+ 31. Rc2 1/2-1/2

[Event "Challenge"]
[Site "http://www.queenalice.com/game.php?id=1822755"]
[Date "2023.10.10"]
[Round "-"]
[White "marreta7"]
[Black "jogo"]
[Result "0-1"]
[WhiteElo "1747"]
[BlackElo "1913"]

1. e4 e5 2. Bc4 Nf6 3. d3 h6 4. a3 a5 5. Nc3 Bc5 6. h3 O-O 7. g4 Nh7 8. Qe2 c6
9. h4 b5 10. Ba2 Re8 11. Qf3 Rf8 12. Nge2 d6 13. g5 hxg5 14. hxg5 Be6 15. Bxe6
fxe6 16. Qh3 Bxf2+ 17. Kd1 Qe8 18. Qxh7+ Kf7 19. g6+ Ke7 20. Qxg7+ Kd8 21. Bg5+
Kc8 22. Ng1 Bd4 23. Nge2 Rg8 24. Qf6 Rxg6 25. Rh8 Rxf6 26. Rxe8+ Kd7 27. Bxf6
Kxe8 28. Nxd4 exd4 29. Bxd4 e5 30. Bf2 Nd7 31. d4 exd4 32. Bxd4 Ke7 33. Ne2 Rf8
34. Kd2 c5 35. Be3 Ne5 36. Bg5+ Kd7 37. b3 Nf3+ 38. Kd3 Nxg5 39. c4 Rf3+ 40. Kd2
Nxe4+ 41. Kc2 bxc4 42. bxc4 Rf2 43. Kd3 Nf6 44. Rb1 Rf3+ 45. Kc2 Rxa3 46. Nc3 a4
47. Nd5 Nxd5 48. cxd5 Re3 49. Rb7+ Kc8 50. Ra7 a3 51. Ra8+ Kb7 52. Rd8 Kc7 53.
Rg8 Re5 54. Rg7+ Kb6 55. Rg6 Rxd5 56. Kb3 Rd3+ 57. Ka4 c4 58. Rg8 a2 59. Rb8+
Ka7 60. Rb4 a1=Q+ 61. Kb5 Qa6# 0-1

[Event "AUTO-INT-3847"]
[Site "http://www.queenalice.com/game.php?id=1823073"]
[Date "2023.10.15"]
[Round "1"]
[White "JailtonMaster"]
[Black "marreta7"]
[Result "1-0"]
[WhiteElo "1859"]
[BlackElo "1757"]

1. e4 e5 2. Nf3 Nc6 3. Bb5 Nge7 4. O-O a6 5. Ba4 b5 6. Bb3 h6 7. c3 Ng6 8. d4
exd4 9. cxd4 Bb4 10. a3 Be7 11. Nc3 O-O 12. Re1 b4 13. axb4 Bxb4 14. d5 Nce7 15.
Bd2 d6 16. e5 dxe5 17. Nxe5 Nxe5 18. Rxe5 Bd6 19. Re1 c6 20. dxc6 Nxc6 21. Bd5
Qc7 22. h3 Bf5 23. Qf3 Nd4 24. Qh5 Nc2 25. Qxf5 Nxe1 26. Bxa8 Rxa8 27. Rxe1 Qb6
28. Qd5 Rd8 29. Qa2 g5 30. Ne4 Kg7 31. Bc3+ Kg6 32. Qb1 f5 33. Nxd6 Rxd6 34. g4
Rd5 35. gxf5+ Rxf5 36. Bd4 Qxd4 37. Re6+ Kh5 38. Qxf5 Qd1+ 39. Kg2 Qa1 40. Qg4#
1-0

[Event "AUTO-INT-3847"]
[Site "http://www.queenalice.com/game.php?id=1823074"]
[Date "2023.10.15"]
[Round "1"]
[White "marreta7"]
[Black "JailtonMaster"]
[Result "0-1"]
[WhiteElo "1751"]
[BlackElo "2020"]

1. e4 c5 2. Bc4 e6 3. d3 Nc6 4. a3 d5 5. exd5 exd5 6. Ba2 Nf6 7. h3 Be7 8. Nf3
O-O 9. O-O b5 10. Bf4 c4 11. Re1 Bd6 12. Bxd6 Qxd6 13. dxc4 bxc4 14. b4 Bf5 15.
Nh4 Bg6 16. Nxg6 hxg6 17. Nc3 Rfe8 18. Rxe8+ Rxe8 19. Bxc4 Rd8 20. Bxd5 Nxd5 21.
Nxd5 Qxd5 22. Qxd5 Rxd5 23. Kh2 Rd2 24. c4 Rxf2 25. Rd1 Rc2 26. b5 Ne5 27. Rd8+
Kh7 28. Ra8 Nxc4 29. Rxa7 Ne3 30. b6 Rxg2+ 31. Kh1 Rb2 32. b7 Nc4 33. b8=Q Rxb8
34. Rxf7 Nxa3 35. Kg2 Rb3 36. Rf4 Nc2 37. Rh4+ Kg8 38. Rc4 Ne3+ 39. Kf2 Nxc4 40.
h4 Rh3 41. Kg2 Rxh4 42. Kg3 g5 43. Kf3 Kf7 44. Kg3 Ke6 45. Kf2 Rh3 46. Kg2 g4
47. Kg1 Rf3 48. Kg2 Ke5 49. Kg1 Kf4 50. Kh2 Rf2+ 51. Kg1 Kg3 52. Kh1 Rf1# 0-1

[Event "AUTO-INT-3847"]
[Site "http://www.queenalice.com/game.php?id=1823087"]
[Date "2023.10.15"]
[Round "1"]
[White "marreta7"]
[Black "game"]
[Result "1-0"]
[WhiteElo "1753"]
[BlackElo "1461"]

1. e4 e5 2. Bc4 Qh4 3. d3 Bc5 4. Qe2 Ne7 5. a3 O-O 6. Be3 d6 7. Bxc5 dxc5 8. Nf3
Re8 9. Nxh4 Kh8 10. Bxf7 Rf8 11. Bb3 Nbc6 12. h3 Re8 13. O-O Nd4 14. Qh5 Be6 15.
Bxe6 Nxe6 16. Qxe5 Nf8 17. Qxc5 Ne6 18. Qc4 Nf4 19. Nc3 Rab8 20. Qxc7 Neg6 21.
Nxg6+ hxg6 22. Qxf4 Rf8 23. Qh4+ Kg8 24. f4 a5 25. e5 b5 26. g4 b4 27. axb4 axb4
28. Nd5 Rbc8 29. Nxb4 Rb8 30. c3 Rfd8 31. Nc6 g5 32. Qxg5 Rxd3 33. Nxb8 Rg3+ 34.
Kh2 1-0

[Event "AUTO-INT-3847"]
[Site "http://www.queenalice.com/game.php?id=1823088"]
[Date "2023.10.15"]
[Round "1"]
[White "game"]
[Black "marreta7"]
[Result "0-1"]
[WhiteElo "1467"]
[BlackElo "1750"]

1. e4 e5 2. Nf3 Nc6 3. Bc4 a6 4. d4 exd4 5. Ng5 Nh6 6. Qf3 Qe7 7. O-O Nb4 8. Na3
f6 9. Nh3 g5 10. e5 Qxe5 11. Re1 Qxe1+ 12. Bf1 Be7 13. Nc4 d6 14. Rb1 Nxa2 15.
Nd2 g4 16. Qa3 Nxc1 17. Nf3 Ne2+ 18. Kh1 Qxb1 19. Nhg1 gxf3 20. Qxf3 Qxf1 21.
Qxe2 Qxe2 22. Nxe2 Bf5 23. Nxd4 Rg8 24. h3 Bc8 25. g4 c5 26. Nf5 Nxf5 0-1

[Event "AUTO-INT-3847"]
[Site "http://www.queenalice.com/game.php?id=1823089"]
[Date "2023.10.15"]
[Round "1"]
[White "marreta7"]
[Black "tche_elvio"]
[Result "1-0"]
[WhiteElo "1769"]
[BlackElo "1456"]

1. d4 g6 2. Nc3 Bg7 3. Bf4 d6 4. e3 e6 5. Nf3 Nf6 6. h3 O-O 7. a3 Bd7 8. Bd3 Nc6
9. O-O a6 10. b4 Nd5 11. Nxd5 exd5 12. b5 axb5 13. Bxb5 Na7 14. Bxd7 Qxd7 15. c3
c5 16. Qc2 c4 17. e4 b5 18. exd5 Qf5 19. Qxf5 gxf5 20. Bxd6 Rad8 21. Bxf8 Bxf8
22. a4 Rxd5 23. axb5 Nxb5 24. Rfc1 Nd6 25. Ne5 Nb5 26. g4 fxg4 27. Nxg4 Rg5 28.
Ra8 Kg7 29. Kg2 h5 30. f4 Rf5 31. Ne5 Rxf4 32. Nd7 Ba3 33. Rf1 1-0

[Event "AUTO-INT-3847"]
[Site "http://www.queenalice.com/game.php?id=1823090"]
[Date "2023.10.15"]
[Round "1"]
[White "tche_elvio"]
[Black "marreta7"]
[Result "1/2-1/2"]
[WhiteElo "1440"]
[BlackElo "1772"]

1. e4 e5 2. Bc4 Bc5 3. Nf3 d6 4. c3 a6 5. d4 exd4 6. Nxd4 h6 7. O-O Ne7 8. Be3
O-O 9. Nd2 Bd7 10. b4 Bxd4 11. Bxd4 Nec6 12. Nf3 Bg4 13. h3 Bh5 14. Be2 Bxf3 15.
Bxf3 Ne7 16. a4 Nbc6 17. a5 Nxd4 18. Qxd4 Rb8 19. e5 dxe5 20. Qxd8 Rfxd8 21.
Rac1 b6 22. axb6 Rxb6 23. Rfe1 Ng6 24. Be4 h5 25. Bxg6 Rxg6 26. Rxe5 Rh6 27. Ra1
Ra8 28. Raa5 f6 29. Re6 g5 30. Rexa6 Rxa6 31. Rxa6 g4 32. h4 Kg7 33. Ra7 f5 34.
Rxc7+ Kg6 35. Rc6+ Kh7 36. Rxh6+ Kxh6 37. b5 Kg7 38. b6 Kf6 39. b7 f4 1/2-1/2

[Event "Challenge"]
[Site "http://www.queenalice.com/game.php?id=1823396"]
[Date "2023.10.20"]
[Round "-"]
[White "marreta7"]
[Black "jogo"]
[Result "0-1"]
[WhiteElo "1757"]
[BlackElo "1903"]

1. c4 e5 2. a3 c5 3. Nc3 Nc6 4. e4 Nf6 5. g3 Be7 6. Be2 O-O 7. Bh5 Nxh5 8. Qxh5
g6 9. Qg4 d5 10. Qf3 Nd4 11. Qd1 dxc4 12. Nf3 Bg4 13. Nd5 Bxf3 14. Qa4 Bxh1 15.
d3 b5 16. Nxe7+ Qxe7 17. Qd1 Bf3 18. Qd2 Bg4 19. Qh6 Nc2+ 20. Kf1 Nxa1 21. Bg5
f6 22. Bd2 Nb3 23. Be1 Qd7 24. dxc4 Qd3+ 25. Kg1 bxc4 26. f4 Nd4 27. fxe5 Nf3+
28. Kh1 Qf1# 0-1

[Event "Challenge"]
[Site "http://www.queenalice.com/game.php?id=1823402"]
[Date "2023.10.20"]
[Round "-"]
[White "marreta7"]
[Black "jogo"]
[Result "0-1"]
[WhiteElo "1759"]
[BlackElo "2100"]

1. d4 Nf6 2. h3 d5 3. Bf4 Nh5 4. Bh2 c5 5. e3 Qa5+ 6. Nd2 cxd4 7. exd4 Qb4 8.
Qxh5 Qxd4 9. Be5 Qc5 10. c3 g6 11. Qf3 f6 12. Bxb8 Rxb8 13. Nb3 Qd6 14. O-O-O
Bh6+ 15. Kb1 Bf5+ 16. Ka1 e6 17. Bd3 Bxd3 18. Rxd3 Kf7 19. Ne2 b5 20. g4 Rhd8
21. Ned4 a6 22. h4 e5 23. Nf5 gxf5 24. Qxf5 Rh8 25. g5 Bg7 26. gxf6 Bxf6 27. Nd2
Qe6 28. Qxe6+ Kxe6 29. h5 e4 30. Rdh3 Bg5 31. Nf1 Rhf8 32. R3h2 Rf7 33. b3 Rbf8
34. a4 bxa4 35. bxa4 Rxf2 36. Rxf2 Rxf2 37. Ng3 Bf6 38. Rc1 Rg2 39. Nf1 Rg1 40.
Kb1 Bg5 41. Rd1 e3 42. Re1 Ke5 43. Kc2 Ke4 44. a5 Rg2+ 45. Kb3 Kf3 46. Nxe3 Bxe3
47. c4 d4 48. Kb4 Bd2+ 49. Kc5 Bxe1 50. Kxd4 Bxa5 51. c5 Rg4+ 52. Kd5 Bc7 53.
Kc6 Rg7 54. h6 Rf7 55. Kb7 a5 56. c6 a4 57. Ka6 a3 58. Kb5 a2 59. Ka6 a1=Q+ 60.
Kb7 Qb2+ 61. Kc8 Qb8# 0-1

[Event "AUTO-INT-3840"]
[Site "http://www.queenalice.com/game.php?id=1826162"]
[Date "2023.11.28"]
[Round "2"]
[White "marreta7"]
[Black "AdilsonGomes"]
[Result "0-1"]
[WhiteElo "1690"]
[BlackElo "1734"]

1. e4 d6 2. Bc4 Nf6 3. d3 c6 4. h3 b5 5. Bb3 Nbd7 6. a3 Nc5 7. Ba2 g6 8. Nf3 Bg7
9. Ng5 O-O 10. O-O d5 11. exd5 cxd5 12. d4 Nce4 13. Nxe4 Nxe4 14. Qd3 Bf5 15.
Qxb5 e6 16. Nd2 Bxd4 17. Nxe4 Bxe4 18. Bh6 Bg7 19. Bxg7 Kxg7 20. c4 h5 21. cxd5
Qg5 22. g3 h4 23. Kh2 hxg3+ 24. fxg3 Qd2+ 25. Kg1 Qg2# 0-1

[Event "AUTO-INT-3840"]
[Site "http://www.queenalice.com/game.php?id=1826163"]
[Date "2023.11.28"]
[Round "2"]
[White "AdilsonGomes"]
[Black "marreta7"]
[Result "1-0"]
[WhiteElo "1696"]
[BlackElo "1718"]

1. e4 e5 2. Nf3 Nc6 3. Nc3 a6 4. d4 exd4 5. Nxd4 Nge7 6. Nd5 h6 7. Bc4 b5 8. Bb3
Nxd5 9. Bxd5 Bb7 10. O-O Be7 11. Nf5 Rg8 12. Re1 b4 13. Qf3 a5 14. Qg4 Bf6 15.
Bxh6 Rb8 16. Nxg7+ Ke7 17. Nf5+ Ke8 18. Qxg8# 1-0

[Event "AUTO-INT-3840"]
[Site "http://www.queenalice.com/game.php?id=1826164"]
[Date "2023.11.28"]
[Round "2"]
[White "marreta7"]
[Black "WHUSIRO"]
[Result "0-1"]
[WhiteElo "1731"]
[BlackElo "1818"]

1. e4 c5 2. Bc4 d6 3. a3 Nf6 4. d3 e6 5. Nf3 Be7 6. Nc3 a6 7. O-O O-O 8. h3 b5
9. Ba2 Bb7 10. Qe2 Qc7 11. Bf4 e5 12. Bh2 h6 13. g4 Nc6 14. g5 Nh7 15. g6 Nf6
16. gxf7+ Kh8 17. Nh4 Kh7 18. f4 Nd4 19. Qg2 exf4 20. Ng6 Rfd8 21. Nxf4 Rf8 22.
Ne6 Nxe6 23. Bxe6 Bc8 24. Bxc8 Raxc8 25. Ne2 Bd8 26. Nf4 Qxf7 27. c4 bxc4 28.
dxc4 Rb8 29. b3 Qe8 30. Nd5 Nxd5 31. Rxf8 Qxf8 32. cxd5 Rxb3 33. Rf1 Bf6 34. a4
Qe7 35. Bf4 Rb4 36. Qg4 Rxe4 37. Qh5 Bd4+ 38. Kh1 Qf6 39. Qg4 Be5 40. h4 Rxf4
41. Rxf4 Qxf4 42. Qxf4 Bxf4 43. Kg2 Kg6 44. Kh3 Kf5 45. h5 c4 46. Kh4 c3 47. a5
c2 48. Kh3 c1=Q 49. Kh4 Qh1# 0-1

[Event "AUTO-INT-3840"]
[Site "http://www.queenalice.com/game.php?id=1826165"]
[Date "2023.11.28"]
[Round "2"]
[White "WHUSIRO"]
[Black "marreta7"]
[Result "1-0"]
[WhiteElo "1783"]
[BlackElo "1746"]

1. d4 d5 2. c4 h6 3. e3 Nf6 4. Nc3 Bf5 5. Bd3 Bxd3 6. Qxd3 a6 7. c5 Nc6 8. a3 e6
9. Nge2 Ng4 10. h3 Nf6 11. b4 b6 12. Ng3 bxc5 13. bxc5 Be7 14. Rb1 O-O 15. O-O
g5 16. Bd2 g4 17. hxg4 Nxg4 18. f3 Nf6 19. Nge2 Rb8 20. Qxa6 Rxb1 21. Rxb1 Qd7
22. Qd3 e5 23. e4 dxe4 24. Nxe4 exd4 25. Bxh6 Rd8 26. Nxf6+ Bxf6 27. Bf4 Kg7 28.
Ng3 Bh4 29. Nf5+ Kf6 30. Nxh4 Rb8 31. Rxb8 Nxb8 32. g3 Qd5 33. Bxc7 Nc6 34. Bd6
Ke6 35. Ng2 Ne5 36. Bxe5 Qxe5 37. Nf4+ Kd7 38. Ne2 Kc6 39. Nxd4+ Kxc5 40. Ne2 f5
41. Kf2 Qh8 42. Qc3+ Qxc3 43. Nxc3 Kc4 44. Ne2 Kb3 45. Nd4+ Kb2 46. Nxf5 Kxa3
47. g4 1-0

[Event "AUTO-INT-3838"]
[Site "http://www.queenalice.com/game.php?id=1826185"]
[Date "2023.11.28"]
[Round "2"]
[White "Carlos19"]
[Black "marreta7"]
[Result "0-1"]
[WhiteElo "1546"]
[BlackElo "1676"]

1. e4 e5 2. Nf3 Nc6 3. Bc4 Bc5 4. d3 h6 5. Nc3 d6 6. a3 a6 7. b4 Ba7 8. b5 axb5
9. Nxb5 Nf6 10. Nxa7 Rxa7 11. h3 Na5 12. Be3 Ra8 13. d4 Nxc4 14. dxe5 dxe5 15.
Qxd8+ Kxd8 16. O-O Nxe3 17. Rfc1 Nc4 18. a4 Nxe4 19. g4 Nc3 20. Re1 Ke7 21. Nxe5
Kf8 22. Nxc4 Rxa4 23. Rxa4 Nxa4 24. f4 f6 25. f5 h5 26. gxh5 Rxh5 27. Ne3 Bxf5
28. Nxf5 Rxf5 29. Re4 Nc5 30. Rc4 b6 31. Kg2 Re5 32. Kf3 g5 33. Rd4 b5 34. Rd8+
Ke7 35. Rb8 Rf5+ 36. Kg4 Rf4+ 37. Kh5 Rh4+ 38. Kg6 Rxh3 39. Rc8 Kd7 40. Rb8 g4
41. Rxb5 Kc6 42. Rb2 g3 43. c3 Rh2 44. Rb1 g2 45. Kxf6 Rh1 0-1

[Event "AUTO-INT-3838"]
[Site "http://www.queenalice.com/game.php?id=1826186"]
[Date "2023.11.28"]
[Round "2"]
[White "marreta7"]
[Black "Carlos19"]
[Result "1-0"]
[WhiteElo "1687"]
[BlackElo "1485"]

1. e4 e5 2. Bc4 Bc5 3. d3 d6 4. a3 a5 5. Nc3 Qf6 6. Qe2 Ne7 7. Nb5 Kd7 8. Nf3 c6
9. Bg5 Qg6 10. Nc3 b5 11. Ba2 b4 12. axb4 Bxb4 13. Qd2 h6 14. Bxe7 Kxe7 15. Rg1
Bg4 16. Qe3 Bxc3+ 17. bxc3 f5 18. Nh4 Qg5 19. Qxg5+ hxg5 20. Ng6+ Ke8 21. Nxh8
fxe4 22. Nf7 exd3 23. cxd3 Ke7 24. Nxg5 c5 25. f3 Bf5 26. Kd2 a4 27. Bb3 a3 28.
h4 Nc6 29. Bd5 Rc8 30. Rxa3 Nd8 31. Rga1 Nc6 32. Bxc6 Rxc6 33. Ra7+ Kf6 34. R1a6
Rxa6 35. Rxa6 Ke7 36. Ra7+ Bd7 37. g3 g6 38. f4 exf4 39. gxf4 d5 40. c4 dxc4 41.
dxc4 Kd6 42. Ke3 Bf5 43. Ne4+ Ke6 44. Nxc5+ Kd6 45. Ne4+ Kc6 46. Kd4 Kb6 47. Rg7
Kc6 48. h5 gxh5 49. Rf7 Be6 50. Rf6 Kd7 51. Nc5+ Ke7 52. Rxe6+ 1-0

[Event "AUTO-INT-3838"]
[Site "http://www.queenalice.com/game.php?id=1826191"]
[Date "2023.11.28"]
[Round "2"]
[White "marreta7"]
[Black "WHUSIRO"]
[Result "1-0"]
[WhiteElo "1732"]
[BlackElo "1809"]

1. e4 c5 2. Bc4 d6 3. d3 Nf6 4. h3 e6 5. a3 a6 6. Nf3 b5 7. Ba2 Bb7 8. O-O Be7
9. Bf4 e5 10. Bh2 Nbd7 11. Ng5 h6 12. Nxf7 Qc7 13. Nxh8 1-0

[Event "AUTO-INT-3838"]
[Site "http://www.queenalice.com/game.php?id=1826192"]
[Date "2023.11.28"]
[Round "2"]
[White "WHUSIRO"]
[Black "marreta7"]
[Result "1-0"]
[WhiteElo "1832"]
[BlackElo "1701"]

1. e4 e5 2. Nf3 Nc6 3. Bb5 Nge7 4. c3 a6 5. Ba4 h6 6. d4 b5 7. Bc2 exd4 8. cxd4
Ng6 9. h3 Bb4+ 10. Bd2 Bxd2+ 11. Nbxd2 d6 12. a3 O-O 13. O-O Qf6 14. Nb3 b4 15.
Qd2 bxa3 16. bxa3 Nce7 17. Rfe1 Nc6 18. Rac1 Nce7 19. Bd3 Be6 20. Qd1 Rab8 21.
Nbd2 Nf4 22. Bf1 Rfe8 23. Kh2 Neg6 24. g3 Nxh3 25. Bxh3 Bxh3 26. Kxh3 Qe6+ 27.
Kg2 c5 28. d5 Qd7 29. Nc4 Qg4 30. Nxd6 Nf4+ 31. Kg1 Nh3+ 32. Kh2 Qh5 33. Kg2 Rb2
34. Rf1 Qg6 35. Nxe8 Nf4+ 36. Kh1 Qg4 37. gxf4 Qh3+ 38. Nh2 Kf8 39. Nd6 Qh4 40.
Qf3 h5 41. Nc4 g5 42. Nxb2 gxf4 43. Rxc5 Kg7 44. Rg1+ Kh6 45. Rc6+ f6 46. d6 a5
47. d7 a4 48. d8=Q Kh7 49. Qg8+ Kh6 50. Qg7# 1-0

[Event "AUTO-INT-3838"]
[Site "http://www.queenalice.com/game.php?id=1826193"]
[Date "2023.11.28"]
[Round "2"]
[White "marreta7"]
[Black "kamikaze"]
[Result "1-0"]
[WhiteElo "1708"]
[BlackElo "1617"]

1. e4 e5 2. Bc4 d6 3. Nc3 Nf6 4. h3 Be7 5. Nf3 O-O 6. d3 c5 7. a3 Nc6 8. Qe2 Nd4
9. Nxd4 cxd4 10. Nd5 Bd7 11. Nxe7+ Qxe7 12. O-O a6 13. Bd2 Rac8 14. Qf3 Be6 15.
Qg3 Bxc4 16. Bh6 Nh5 17. Qg4 Be6 18. Qxh5 gxh6 19. Qxh6 Kh8 20. Rfc1 Rg8 21. c4
Rg6 22. Qh5 Rcg8 23. b4 1-0

[Event "AUTO-INT-3838"]
[Site "http://www.queenalice.com/game.php?id=1826194"]
[Date "2023.11.28"]
[Round "2"]
[White "kamikaze"]
[Black "marreta7"]
[Result "0-1"]
[WhiteElo "1630"]
[BlackElo "1695"]

1. d4 d5 2. Nf3 h6 3. e3 Bf5 4. c4 Nf6 5. Nc3 e6 6. Be2 Nc6 7. a3 a6 8. cxd5 Na7
9. dxe6 fxe6 10. O-O Ne4 11. Bd3 Nxc3 12. bxc3 Bxd3 13. Qxd3 b5 14. Qg6+ Kd7 15.
Ne5+ Kc8 16. Qxe6+ Kb7 17. Ng6 Bd6 18. Nxh8 Qxh8 19. Rb1 g5 20. a4 Kc6 21. axb5+
Nxb5 22. Bd2 Re8 0-1